Vị thế và vai trò của phụ nữ Ê-Đê và Mnông trong xã hội truyền thống (qua khảo sát sử thi và luật tục) : Giới thiệu văn hóa dân gian

Nội dung giới thiệu tổng quan nghiên cứu, cơ sở lý thuyết và đối tượng nghiên cứu. Vị thế và vai trò của người phụ nữ Ê-Đê và Mnông qua khảo sát sử thi. Vị trí và vai trò của người phụ nữ Ê-Đê và Mnông từ góc nhìn so sánh và phát hu...

Celý popis

Uloženo v:
Podrobná bibliografie
Hlavní autor: Lê, Thị Quỳnh Hảo
Médium: Kniha
Jazyk:Undetermined
Vydáno: Hà Nội Hồi Nhà văn 2019
Témata:
Tagy: Přidat tag
Žádné tagy, Buďte první, kdo otaguje tento záznam!
Thư viện lưu trữ: Trung tâm Học liệu Trường Đại học Cần Thơ
LEADER 01193nam a2200217Ia 4500
001 CTU_237584
008 210402s9999 xx 000 0 und d
082 |a 305.4209597 
082 |b H108 
100 |a Lê, Thị Quỳnh Hảo 
245 0 |a Vị thế và vai trò của phụ nữ Ê-Đê và Mnông trong xã hội truyền thống (qua khảo sát sử thi và luật tục) : 
245 0 |b Giới thiệu văn hóa dân gian 
245 0 |c Lê Thị Quỳnh Hảo 
260 |a Hà Nội 
260 |b Hồi Nhà văn 
260 |c 2019 
520 |a Nội dung giới thiệu tổng quan nghiên cứu, cơ sở lý thuyết và đối tượng nghiên cứu. Vị thế và vai trò của người phụ nữ Ê-Đê và Mnông qua khảo sát sử thi. Vị trí và vai trò của người phụ nữ Ê-Đê và Mnông từ góc nhìn so sánh và phát huy vị thế, vai trò của họ trong bối cảnh hiện nay. 
650 |a Phụ nữ,Women 
650 |z Việt Nam,Vietnam 
910 |b dqhieu 
980 |a Trung tâm Học liệu Trường Đại học Cần Thơ